<?xml version="1.0" encoding="UTF-8" ?>
<collection xmlns="http://www.loc.gov/MARC21/slim"><record><leader>01274nam a2200253 nc4500</leader><controlfield tag="001">44287</controlfield><controlfield tag="003">CH-000273-5</controlfield><controlfield tag="005">20210202175718.0</controlfield><datafield tag="035" ind1=" " ind2=" "><subfield code="a">(OCoLC)906899398</subfield></datafield><datafield tag="040" ind1=" " ind2=" "><subfield code="a">CH-000273-5</subfield><subfield code="b">ger</subfield><subfield code="e">rda</subfield></datafield><datafield tag="041" ind1=" " ind2=" "><subfield code="a">ger</subfield></datafield><datafield tag="110" ind1="2" ind2="0"><subfield code="a">Gesellschaft Schweizerischer Malerinnen, Bildhauerinnen und Kunstgewerblerinnen</subfield><subfield code="b">Sektion Zürich</subfield><subfield code="e">Verfasser</subfield><subfield code="4">aut</subfield></datafield><datafield tag="245" ind1="0" ind2="0"><subfield code="a">Ausstellung im Kunsthaus Zürich</subfield><subfield code="b">vom 15. Dez. 49 - 11. Jan. 1950</subfield><subfield code="c">Gesellschaft Schweizerischer Malerinnen, Bildhauerinnen und Kunstgewerblerinnen, Sektion Zürich ; Kunsthaus Zürich</subfield></datafield><datafield tag="264" ind1="0" ind2="1"><subfield code="a">[Zürich]</subfield><subfield code="b">[Kunsthaus Zürich]</subfield><subfield code="c">[1949]</subfield></datafield><datafield tag="300" ind1=" " ind2=" "><subfield code="a">10 Seiten</subfield><subfield code="c">29,7 cm</subfield></datafield><datafield tag="336" ind1=" " ind2=" "><subfield code="a">Text</subfield><subfield code="b">txt</subfield><subfield code="2">rdacontent</subfield></datafield><datafield tag="337" ind1=" " ind2=" "><subfield code="a">ohne Hilfsmittel zu benutzen</subfield><subfield code="b">n</subfield><subfield code="2">rdamedia</subfield></datafield><datafield tag="338" ind1=" " ind2=" "><subfield code="a">Band</subfield><subfield code="b">nc</subfield><subfield code="2">rdacarrier</subfield></datafield><datafield tag="610" ind1="2" ind2="7"><subfield code="a">Gesellschaft Schweizerischer Malerinnen, Bildhauerinnen und Kunstgewerblerinnen</subfield><subfield code="b">Sektion Zürich</subfield><subfield code="v">Ausstellung</subfield><subfield code="2">gnd</subfield></datafield><datafield tag="651" ind1="0" ind2="7"><subfield code="a">Kanton Zürich</subfield><subfield code="x">Künstlerin</subfield><subfield code="x">Kunst</subfield><subfield code="y">Geschichte 1949</subfield><subfield code="2">gnd</subfield></datafield><datafield tag="655" ind1="0" ind2="7"><subfield code="a">Ausstellungskatalog</subfield><subfield code="x">Kunsthaus Zürich</subfield><subfield code="y">15.12.1949-11.01.1950</subfield><subfield code="z">Zürich</subfield><subfield code="2">gnd-content</subfield></datafield><datafield tag="710" ind1="2" ind2="0"><subfield code="a">Kunsthaus Zürich</subfield><subfield code="e">Herausgebendes Organ</subfield><subfield code="4">isb</subfield><subfield code="e">Veranstalter</subfield><subfield code="4">orm</subfield></datafield><datafield tag="852" ind1="4" ind2="0"><subfield code="a">CH-000273-5</subfield><subfield code="c">a3/Z 80:19491215</subfield></datafield><datafield tag="856" ind1="4" ind2="1"><subfield code="u">https://digital.kunsthaus.ch/viewer/image/44287/1/</subfield><subfield code="y">Kunsthaus Zürich sammlungen online</subfield></datafield></record></collection>